| 000 | 00427nam a22001577a 4500 | ||
|---|---|---|---|
| 020 | _a9781259002472 | ||
| 082 | _a150.72 BOR | ||
| 100 | _aBordens, Kenneth S | ||
| 245 | _aResearch design and method A Process approach | ||
| 250 | _a8th | ||
| 260 |
_aNew Delhi India _bMc Graw Hill _c2011 |
||
| 300 |
_a544 A-16 G-11 R-14 I-3 S-13 _bP.B |
||
| 650 | _aResearch methods | ||
| 700 | _aKenneth S. Bordens | ||
| 942 | _cBK | ||
| 999 |
_c490568 _d490568 |
||